MDQL
is popping MORE tags! Check the
thread
!
Quizzes
Events
Quiz Creation
Community
Videos
Private Events
Remove Ads
Sign In
Join for FREE
Feedback
Dark Mode
Quiz Categories
Sports
Geography
Music
Movies
Television
Just For Fun
Miscellaneous
History
Literature
Language
Science
Gaming
Entertainment
Religion
Holiday
For Kids
Quiz Lab
Recent
Popular Today
Quiz Kudos Today
Editor Picks
Curator Picks
Quizzes by...
Day
Popularity
Type
Ratings
Length
Year
Community
Subscriptions
Recent Discussions
Orange Saloon
Badges
Playlists
Quests
Create
Leaderboards
Showdown
Live 5
Trivia Bingo
Activity
Puzzle Library
Sporcle Events
Private Events
Virtual Trivia
Globe League
Become a Host
Pub Owners
SporcleCon
Opinionation
Our Games
Videos
Blog
Mobile Apps
Partnerships
Remove Ads and Go Orange
Feedback
Sports
Athletes
MLB
NBA
NHL
NFL
Soccer
Sports Teams
WWE
NCAA
Football
Premier League
Basketball
Baseball
Hockey
Golf
Tennis
Cricket
Rugby
Auto Racing
Olympics
World Cup
Sports
Athletes
MLB
NBA
NHL
NFL
Soccer
Sports Teams
WWE
NCAA
Football
Premier League
Basketball
Baseball
Hockey
Golf
Tennis
Cricket
Rugby
Auto Racing
Olympics
World Cup
Random Quiz
Search Sporcle
×
Quiz Lab
Quiz Lab
Sports
WWE
Type in answers that appear in a list
Type in answers that appear in a list
Classic
Best Score? Go Orange.
Every match in WWE Smackdown History: 2012 (Jan - Apr) Stats
Can you name the Every match in WWE Smackdown History: 2012?
By
randyorko3589
15m
272 Questions
124 Plays
124 Plays
124 Plays
Comments
Comments
Give Quiz Kudos
Give Quiz Kudos
-
- Ratings
hide this ad
Replay
Link that replays current quiz
Next Quiz
Link to next quiz in quiz playlist
You Got
0%
They Got
Avg Score
79%
Avg Friend Score
Upgrade to see
Score Distribution
Jump to the score distribution portion of the page
Score
0/272
Timer
15:00
0
Plays Today
% Correct
Cody Rhodes
90.3%
Cody Rhodes
90.3%
Cody Rhodes
90.3%
Cody Rhodes
90.3%
Cody Rhodes
90.3%
Cody Rhodes
90.3%
Cody Rhodes
90.3%
Cody Rhodes
90.3%
Cody Rhodes
90.3%
Cody Rhodes
90.3%
Cody Rhodes
90.3%
CM Punk
89.5%
CM Punk
89.5%
The Big Show
87.9%
Daniel Bryan
87.9%
The Big Show
87.9%
Daniel Bryan
87.9%
Daniel Bryan
87.9%
The Big Show
87.9%
Randy Orton
87.9%
The Big Show
87.9%
Randy Orton
87.9%
Daniel Bryan
87.9%
The Big Show
87.9%
Daniel Bryan
87.9%
Daniel Bryan
87.9%
The Big Show
87.9%
Randy Orton
87.9%
Daniel Bryan
87.9%
The Big Show
87.9%
Randy Orton
87.9%
Daniel Bryan
87.9%
The Big Show
87.9%
The Big Show
87.9%
The Big Show
87.9%
Daniel Bryan
87.9%
The Big Show
87.9%
Randy Orton
87.9%
Daniel Bryan
87.9%
Randy Orton
87.9%
Daniel Bryan
87.9%
The Big Show
87.9%
Randy Orton
87.9%
The Big Show
87.9%
The Big Show
87.9%
Kofi Kingston
87.1%
Mark Henry
87.1%
Mark Henry
87.1%
Kofi Kingston
87.1%
Mark Henry
87.1%
Mark Henry
87.1%
Kofi Kingston
87.1%
Mark Henry
87.1%
Kofi Kingston
87.1%
Mark Henry
87.1%
Mark Henry
87.1%
Kofi Kingston
87.1%
Mark Henry
87.1%
Mark Henry
87.1%
Mark Henry
87.1%
Mark Henry
87.1%
Santino Marella
86.3%
Santino Marella
86.3%
Wade Barrett
86.3%
Santino Marella
86.3%
Santino Marella
86.3%
Wade Barrett
86.3%
Santino Marella
86.3%
Wade Barrett
86.3%
Wade Barrett
86.3%
Santino Marella
86.3%
Dolph Ziggler
86.3%
Dolph Ziggler
86.3%
Santino Marella
86.3%
Santino Marella
86.3%
Dolph Ziggler
86.3%
Justin Gabriel
85.5%
Sheamus
85.5%
Sheamus
85.5%
Justin Gabriel
85.5%
Justin Gabriel
85.5%
Sheamus
85.5%
Sheamus
85.5%
Sheamus
85.5%
Sheamus
85.5%
Justin Gabriel
85.5%
Sheamus
85.5%
Sheamus
85.5%
Justin Gabriel
85.5%
Sheamus
85.5%
Sheamus
85.5%
% Correct
Sheamus
85.5%
Sheamus
85.5%
Sheamus
85.5%
Sheamus
85.5%
Sheamus
85.5%
Hunico
84.7%
Heath Slater
84.7%
Heath Slater
84.7%
Hunico
84.7%
Hunico
84.7%
Hunico
84.7%
Hunico
84.7%
Heath Slater
84.7%
Hunico
84.7%
Heath Slater
84.7%
Heath Slater
84.7%
Heath Slater
84.7%
Heath Slater
84.7%
The Great Khali
83.9%
The Great Khali
83.9%
The Miz
83.9%
The Great Khali
83.9%
The Miz
83.9%
The Great Khali
83.9%
The Miz
83.9%
The Great Khali
83.9%
The Great Khali
83.9%
The Great Khali
83.9%
Jack Swagger
83.1%
Jack Swagger
83.1%
Jack Swagger
83.1%
Kane
83.1%
Kane
83.1%
Primo
82.3%
David Otunga
82.3%
Primo
82.3%
Primo
82.3%
Primo
82.3%
Primo
82.3%
David Otunga
82.3%
Primo
82.3%
David Otunga
82.3%
Primo
82.3%
David Otunga
82.3%
David Otunga
82.3%
Epico
81.5%
Epico
81.5%
Epico
81.5%
Epico
81.5%
Epico
81.5%
Epico
81.5%
R-Truth
81.5%
R-Truth
81.5%
Epico
81.5%
R-Truth
81.5%
Ryback
81.5%
R-Truth
81.5%
Ryback
81.5%
Ryback
81.5%
Ryback
81.5%
Booker T
80.6%
Natalya
80.6%
Drew McIntyre
80.6%
Drew McIntyre
80.6%
Natalya
80.6%
Jimmy Uso
80.6%
Jey Uso
80.6%
Drew McIntyre
80.6%
Drew McIntyre
80.6%
Natalya
80.6%
Natalya
80.6%
Drew McIntyre
80.6%
Jey Uso
80.6%
Jimmy Uso
80.6%
Natalya
80.6%
Jimmy Uso
80.6%
Jey Uso
80.6%
Drew McIntyre
80.6%
Drew McIntyre
80.6%
Natalya
80.6%
Drew McIntyre
80.6%
Drew McIntyre
80.6%
Drew McIntyre
80.6%
Natalya
80.6%
Jey Uso
80.6%
Jimmy Uso
80.6%
Drew McIntyre
80.6%
Natalya
80.6%
Jey Uso
80.6%
Jimmy Uso
80.6%
Chris Jericho
79.8%
% Correct
Chris Jericho
79.8%
Tyson Kidd
79%
Tyson Kidd
79%
Titus O'Neil
79%
Tyson Kidd
79%
Titus O'Neil
79%
Titus O'Neil
79%
Tyson Kidd
79%
Evan Bourne
78.2%
Ezekiel Jackson
77.4%
Jinder Mahal
77.4%
Jinder Mahal
77.4%
Ezekiel Jackson
77.4%
Ezekiel Jackson
77.4%
Jinder Mahal
77.4%
Jinder Mahal
77.4%
Ezekiel Jackson
77.4%
Ezekiel Jackson
77.4%
Brie Bella
77.4%
Zack Ryder
77.4%
Brie Bella
77.4%
Zack Ryder
77.4%
Nikki Bella
77.4%
Brie Bella
77.4%
Nikki Bella
77.4%
Nikki Bella
77.4%
Ezekiel Jackson
77.4%
Darren Young
76.6%
Darren Young
76.6%
Darren Young
76.6%
Ted Dibiase
75.8%
Ted Dibiase
75.8%
Ted Dibiase
75.8%
Ted Dibiase
75.8%
Ted Dibiase
75.8%
Ted Dibiase
75.8%
Ted Dibiase
75.8%
Alberto Del Rio
75.8%
Alberto Del Rio
75.8%
Alberto Del Rio
75.8%
Alberto Del Rio
75.8%
Beth Phoenix
75%
Beth Phoenix
75%
Beth Phoenix
75%
Eve Torres
75%
Beth Phoenix
75%
Aksana
74.2%
Aksana
74.2%
Brodus Clay
73.4%
Brodus Clay
73.4%
Brodus Clay
73.4%
Brodus Clay
73.4%
Alicia Fox
72.6%
Alicia Fox
72.6%
AJ Lee
72.6%
AJ Lee
72.6%
Alicia Fox
72.6%
AJ Lee
72.6%
Alicia Fox
72.6%
Tamina
71%
Tamina
71%
Tamina
71%
Tamina
71%
Antonio Cesaro
71%
Curt Hawkins
70.2%
Hornswoggle
68.5%
Hornswoggle
68.5%
Yoshi Tatsu
67.7%
Yoshi Tatsu
67.7%
Yoshi Tatsu
67.7%
Hunico
67.7%
Hunico
67.7%
Yoshi Tatsu
67.7%
Michael McGillicutty
66.9%
Alex Riley
66.1%
Alex Riley
66.1%
Camacho
62.1%
Tyler Reks
62.1%
Johnny Curtis
58.1%
Jim Duggan
50.8%
Derrick Bateman
50.8%
Jim Duggan
50.8%
Theodore Long
46.8%
Percy Watson
46%
Gene Okerlund
42.7%
John Laurinaitis
41.1%
Benny Camer
21%
Jacob Kaye
14.5%
Barry Stevens
12.1%
Danny Leman
8.9%
Quiz Playlist
Details
Report
Send in Message
Add To Playlist
Classic:
Type in answers that appear in a list
Last Updated: Feb 16, 2017
Quiz Scoreboard
CHALLENGE
Sign Up to Join the Scoreboard
Show All
Scores
Hide
Comments
May contain spoilers
Recently Published
Find the 'City' Movie
by crazypaving
Movies
60s
5x2 Blitz: Bands
by SL_Kpop136
Music
30s
Colored Red Africa Blitz
by spor1
Geography
30s
More to Explore
Quiz From the Vault
Featured Blog Post
14 Easter Pick-up Lines to Find Eggs With
hide this ad
You Might Also Like...
Tags
WWE Quiz
2012
jan
Smackdown
Today's Top Quizzes in Sports
Browse Sports
hide this ad
Today's Top Quizzes in WWE
Browse WWE
Top Contributed Quizzes in Sports
1
Players with Multiple 50 Home Run Seasons
2
Les entraîneurs de l'OM et du PSG au 21e siècle
3
Criteria MLB: Left Handed Sluggers
4
2022 World Cup Stars
5
Les meilleurs buteurs des matchs entre le PSG et l’OM
6
Who Hit More Homers?
7
Les joueurs passés par le PSG et l'OM
8
NBA Logic Puzzle 2.0
9
Top 10 NHL Goal Scorers of All Time
10
MLB Players with Two .350 Batting Average Seasons
Explore More
Trending Topics
Anime
Harry Potter
NBA
Crossword
Marvel
Kpop
Disney
Country
Song
NFL
Pokémon
Puzzle
WWE
The Office
Soccer
hide this ad
More By:
randyorko3589
Quiz
Plays
Rating
Category
Featured
Created
PWI 500 Top 10 For Every Year
8,918
4.03
Sports
Jun 14, 2015
Wrestling Observer Award Winners Part 1
1,155
4.00
Sports
Jun 21, 2015
Highest rated match(es) for every WWE PPV
877
2.71
Sports
Jun 20, 2015
AJPW Real World Tag League Participants (1977-2010)
861
5.00
Sports
Mar 19, 2015
Wrestling Observer Award Winners & Runner Ups (2016 A)
655
4.83
Sports
Mar 7, 2017
Go to Creator's Profile
Score Distribution
Quiz Creator Spotlight
randyorko3589
Follow
Send a Message
Quizzes Created
-
Created Quiz Play Count
-
More By This Creator
Popular Quizzes Today
1
Colored Red Africa Blitz
2
Find the 'City' Movie
3
Find the US States - No Outlines Minefield
4
5x2 Blitz: Bands
5
The Countries of the World
6
Find the US States
7
US States
8
9x9 Crossword: Cartoon Network
More Sports Quizzes
DeCIPHER the Premier League teams
Quiz Lab
Trending Quizzes
Colored Red Europe Blitz I
Colored Red Europe Blitz II
Colored Red Africa Blitz II
Colored Red Europe Blitz III
Colored Red Africa Blitz III
Recently Updated
Godzilla Movies
pecheneg
Grab Bag: 4-10 Letters
pecheneg
2024 March Madness Bracket
pecheneg
Famous TV Couples
Peacemaker
Champions League XIs: Real Madrid
pecheneg
Largest US Cities 1790-2010
pecheneg
Rides in Walt Disney World
pecheneg
Most Oscar Losses (Acting)
pecheneg
Beyoncé Albums
pecheneg
Leaping Animals
pecheneg
Trending Topics
Crossword
NBA
Kpop
Harry Potter
Anime
Disney
Marvel
NFL
Country
WWE
Puzzle
Song
The Office
Pokémon
Soccer
Your Account Isn't Verified!
In order to create a playlist on Sporcle, you need to verify the email address you used during registration. Go to your
Sporcle Settings
to finish the process.
Report this User
Report this user for behavior that violates our
Community Guidelines
.
Details:
Send Report
Go to the Sporcle.com Mobile Site →
Comments